Statistics for Pokemon Groups of Fours

Click here to take the quiz!

General Stats

  • This quiz has been taken 58 times
  • The average score is 31 of 48

Answer Stats

CategoryAnswer% Correct
Weather Changing MovesSunny Day
93%
Types that Rock type moves are supereffective onBug
90%
Types that Rock type moves are supereffective onFlying
90%
Types that Rock type moves are supereffective onIce
90%
Types that Rock type moves are supereffective onFire
88%
Weather Changing MovesRain Dance
88%
Weather Changing MovesSandstorm
88%
Normal Type HMsCut
86%
Guardian DeitiesTapu Koko
86%
Guardian DeitiesTapu Lele
86%
Weather Changing MovesHail
83%
Guardian DeitiesTapu Bulu
83%
Normal Type HMsFlash
79%
Team Galactic CommandersJupiter
79%
Team Galactic CommandersMars
79%
Guardian DeitiesTapu Fini
79%
Steel type Pokemon introduced in gen 6 (Kalos Region)Klefki
76%
Normal Type HMsStrength
76%
Fire Type Gym LeadersFlannery
74%
Team Galactic CommandersSaturn
74%
Grass/Dark Type PokemonShiftry
74%
Fire Type Gym LeadersBlaine
71%
Ghost Type Elite Four MembersAgatha
67%
Grass/Dark Type PokemonCacturne
67%
Grass/Dark Type PokemonNuzleaf
67%
Normal Type HMsRock Climb
62%
Steel type Pokemon introduced in gen 6 (Kalos Region)Aegislash
60%
Sinnoh Elite Four MembersBertha
60%
Ghost Type Elite Four MembersShauntal
60%
Sinnoh Elite Four MembersAaron
57%
Fire Type Gym LeadersChili
57%
Steel type Pokemon introduced in gen 6 (Kalos Region)Honedge
57%
Ghost Type Elite Four MembersPhoebe
57%
Steel type Pokemon introduced in gen 6 (Kalos Region)Doublade
55%
Sinnoh Elite Four MembersFlint
52%
Sinnoh Elite Four MembersLucian
52%
Grass/Dark Type PokemonZarude
50%
Ghost Type Elite Four MembersAcerola
45%
Fire Type Gym LeadersKabu
45%
Team Galactic CommandersCharon
43%
Herbal MedicinesRevival Herb
43%
Genesect's DrivesShock Drive
43%
Genesect's DrivesBurn Drive
40%
Genesect's DrivesDouse Drive
36%
Genesect's DrivesChill Drive
33%
Herbal MedicinesEnergy Root
19%
Herbal MedicinesEnergy Powder
10%
Herbal MedicinesHeal Powder
7%

Score Distribution

Percentile by Number Answered

Percent of People with Each Score

Your Score History

You have not taken this quiz